[Event "EIWCC 2018"]
[Site "Vysoke Tatry"]
[Date "2018.04.08"]
[Round "1"]
[White "Berke, Ana"]
[Black "Voit, Daria"]
[Result "0-1"]
[WhiteElo "2173"]
[BlackElo "2388"]
[Annotator "TA"]
[PlyCount "66"]
[EventDate "2018.??.??"]
[EventType "swiss"]
[EventCountry "SVK"]
[SourceTitle "playchess.com"]
[Source "ChessBase"]
[SourceQuality "1"]

{[%evp 19,66,31,31,-22,-16,0,-19,-41,-52,-108,-109,-141,-104,-122,-122,-158,-44,-79,-42,-98,-73,-67,-89,-96,-91,-108,-88,-97,-111,-100,-88,-120,-134,-238,-204,-211,-206,-324,-343,-659,-618,-906,-889,-1375,-1356,-1366,-1344,-1759,-1691]} 1. d4 d5 2. Bf4 Nf6 3. e3 c5 4. c3 Nc6 5. Nd2 e6 6. Ngf3 Bd6 7. Bg3 O-O 8. Bd3 h6 {D02: 1 d4 d5 2 Nf3 sidelines, including 2...Nf6 3 g3 and 2...Nf6 3 Bf4} (8... b6 9. e4 Be7 10. e5 Nh5 11. Nf1 cxd4 12. Nxd4 Nxd4 13. cxd4 g6 14. Ne3 f5 15. exf6 Bxf6 16. Be2 Nxg3 17. hxg3 {½-½ (37) Nakamura,H (2787)-Svidler,P (2760) Moscow 2018}) 9. Ne5 Bxe5 10. dxe5 Nd7 {LiveBook: 4 Games. White is slightly better.} 11. f4 ({White should try} 11. Qh5 $14) 11... c4 $11 12. Bc2 $1 Qb6 13. O-O $1 Qxb2 14. e4 $146 ({White should play} 14. Rc1 $15) ({Predecessor:} 14. Rc1 Qxa2 15. Qg4 Nc5 16. Bh4 {1-0 (60) Tomilova,E (2309)-Pustovoitova,D (2386) Sochi 2016}) 14... Qxc3 $17 15. Rf3 Qb4 16. exd5 exd5 17. Bf2 Qe7 (17... Nc5 $17 {aiming for ...Bg4.} 18. Rg3 Nd3 $1 {[%mdl 512]} 19. Bxd3 cxd3 20. Rxd3 Qxf4) 18. Rg3 $15 f6 19. e6 (19. Nf3 $1 $15 Nb4 20. Rb1) 19... Qxe6 $17 {...Nb4 is the strong threat.} 20. Qh5 {White wants to mate with Rxg7+!} f5 {Strongly threatening ...Kh8.} 21. Re1 Qf7 22. Qxh6 {[#]} Nf6 $1 23. Rg5 {Hoping for Re3.} Re8 24. Rxe8+ Nxe8 25. Nf3 Qf6 26. Qh3 (26. Qh4 $17) 26... Qa1+ 27. Ne1 Nf6 28. Qe3 (28. Qg3 {was called for.} Ne4 29. Bxe4 dxe4 30. h3) 28... Bd7 $19 ({Stronger than} 28... Qxa2 29. Qg3 $11) 29. h4 $2 (29. Qg3 Ne4 30. Bxe4 dxe4 31. Rh5) 29... Re8 {Black is clearly winning.} 30. Qg3 Ng4 31. Bxf5 Bxf5 32. Rxg4 Bxg4 33. Qxg4 Rxe1+ {Precision: White = 36%, Black = 79%.} 0-1

[Event "EIWCC 2018"]
[Site "Vysoke Tatry"]
[Date "2018.04.08"]
[Round "1"]
[White "Stetsko, Lanita"]
[Black "Badelka, Olga"]
[Result "0-1"]
[WhiteElo "2164"]
[BlackElo "2375"]
[Annotator "TA"]
[PlyCount "80"]
[EventDate "2018.??.??"]
[EventType "swiss"]
[EventCountry "SVK"]
[SourceTitle "playchess.com"]
[Source "ChessBase"]
[SourceQuality "1"]

{[%evp 19,80,25,31,25,22,24,39,27,27,29,31,16,36,0,6,0,4,0,8,0,0,-45,-24,-22,-14,-28,-19,-16,-18,-35,-29,-34,-29,-42,0,-160,31,30,52,52,55,45,48,30,48,0,14,-16,0,-13,-11,-49,0,-196,-165,-603,-618,-1132,-1071,-1472,-1423,-29993,-29994]} 1. e4 c5 2. Nf3 Nc6 3. Bb5 e6 4. O-O Nge7 5. d4 cxd4 6. Nxd4 Qb6 7. Nxc6 {B30: Sicilian: 2...Nc6 3 Bb5, lines without ...g6} bxc6 8. Be2 (8. Bd3 Ng6 9. c4 Be7 10. Nc3 O-O 11. Na4 Qc7 12. c5 d5 13. cxd6 Bxd6 14. g3 c5 {1-0 (27) Caruana,F (2811)-Lenic,L (2662) chess.com INT 2018}) 8... Ng6 9. c4 Be7 10. Nc3 O-O {LiveBook: 4 Games} 11. Rb1 Qc7 12. Be3 c5 13. Qd2 a6 $146 ({Predecessor:} 13... Bb7 14. Rbd1 d6 {½-½ (34) Glukhovtsev,S (2423)-Armengol Comas,J (2366) ICCF email 2014}) 14. Rbd1 d6 15. f4 Bb7 16. Qe1 Bh4 17. Qd2 Rad8 18. Bf3 Bc6 19. Qc2 Bf6 20. Ne2 Qb7 21. b3 Nh4 22. Ng3 $1 Nxf3+ 23. gxf3 g6 24. Qg2 Bg7 25. f5 Qe7 26. Rfe1 Kh8 27. Bf4 $2 {[#]} (27. Qd2 $11) 27... e5 $2 ({Black should try} 27... gxf5 $1 $17 {Threatens to win with ...Rg8.} 28. exf5 Rg8) 28. Bd2 $14 Bf6 29. Ba5 Rd7 $1 30. Kh1 Rg8 31. Qh3 Bg5 32. Bd2 Bf4 33. Bxf4 exf4 34. Ne2 Qe5 {aiming for ...gxf5.} 35. Qh4 g5 {[%cal Bg6g5,Bg5g4][%mdl 32]} 36. Qh5 $2 (36. Qg4 $1 $11 {and White is okay.}) 36... g4 $1 $36 {[%cal Rg4f3][%mdl 2048] [#] And now ...gxf3 would win. Black is really pushing.} 37. Ng1 $2 (37. Nc1) 37... f6 38. Rd2 Qc3 39. Rde2 Rdg7 40. Rg2 Qxe1 {Precision: White = 40%, Black = 52%.} 0-1

[Event "EIWCC 2018"]
[Site "Vysoke Tatry"]
[Date "2018.04.08"]
[Round "1"]
[White "Huda, Maryana"]
[Black "Kovanova, Baira"]
[Result "1/2-1/2"]
[WhiteElo "2161"]
[BlackElo "2368"]
[Annotator "NA RC"]
[PlyCount "68"]
[EventDate "2018.??.??"]
[EventType "swiss"]
[EventCountry "SVK"]
[SourceTitle "playchess.com"]
[Source "ChessBase"]
[SourceQuality "1"]
[TimeControl "40/5400+30:1800+30"]

1. Nf3 {[%emt 0:00:00]} Nf6 {[%emt 0:00:11]} 2. g3 {[%emt 0:00:00]} e6 {[%emt 0:03:04]} 3. Bg2 {[%emt 0:00:03]} d5 {[%emt 0:00:18]} 4. d4 {[%emt 0:01:41]} Be7 {[%emt 0:02:02]} 5. c4 {[%emt 0:00:58]} O-O {[%emt 0:00:46]} 6. O-O {[%emt 0:00:34]} c6 {[%emt 0:01:07]} 7. b3 {[%emt 0:06:42]} b6 {[%emt 0:03:43]} 8. Ne5 {[%emt 0:04:28]} Bb7 {[%emt 0:04:22]} 9. Bb2 {[%emt 0:01:58]} Nbd7 {[%emt 0:00:58]} 10. Nd2 {[%emt 0:09:42]} Rc8 {[%emt 0:05:35]} 11. e4 {[%emt 0:07:06]} dxc4 {[%emt 0:03:44]} 12. Ndxc4 {[%emt 0:11:44]} b5 {[%emt 0:11:51]} 13. Nxd7 {[%emt 0:01:06]} Qxd7 {[%emt 0:03:02]} 14. Ne5 {[%emt 0:01:07]} Qd8 {[%emt 0:00:54]} 15. Qe2 {[%emt 0:04:24]} Qb6 {[%emt 0:02:00]} 16. Rfd1 {[%emt 0:02:13]} c5 {[%emt 0:05:59]} 17. Ng4 {[%emt 0:13:31]} (17. d5 $16) 17... c4 $14 {[%emt 0:04:04]} 18. Rac1 {[%emt 0:01:46]} Rfd8 {[%emt 0:10:10]} 19. d5 {[%emt 0:06:32]} exd5 {[%emt 0:10:34]} 20. Nxf6+ {[%emt 0:04:49]} Bxf6 {[%emt 0:02:06]} 21. Bxf6 {[%emt 0:00:07]} Qxf6 {[%emt 0:00:04]} 22. exd5 {[%emt 0:00:10]} Ba6 {[%emt 0:08:42]} 23. bxc4 {[%emt 0:00:18]} bxc4 {[%emt 0:00:20]} 24. Qe3 {[%emt 0:00:44]} c3 {[%emt 0:03:36]} 25. Qxa7 {[%emt 0:02:15]} c2 {[%emt 0:01:03]} 26. Re1 {[%emt 0:02:31]} Re8 {[%emt 0:00:44]} 27. Rxe8+ {[%emt 0:05:40]} Rxe8 {[%emt 0:00:03]} 28. Bf1 {[%emt 0:00:54]} Bxf1 {[%emt 0:02:09]} 29. Qa4 {[%emt 0:03:23]} Qe5 {[%emt 0:05:58]} 30. Kxf1 {[%emt 0:01:28]} h5 {[%emt 0:03:24]} 31. Qxc2 {[%emt 0:06:06]} Qxd5 {[%emt 0:00:12]} 32. Qc6 {[%emt 0:00:58]} Qd3+ {[%emt 0:01:24]} 33. Kg2 {[%emt 0:00:05]} Re2 {[%emt 0:00:45]} 34. Qf3 {[%emt 0:01:11]} Qxf3+ {[%emt 0:00:18]} 1/2-1/2

[Event "EIWCC 2018"]
[Site "Vysoke Tatry"]
[Date "2018.04.08"]
[Round "1"]
[White "Cosman, Andreea-Marioara"]
[Black "Ovod, Evgenija"]
[Result "0-1"]
[WhiteElo "2141"]
[BlackElo "2366"]
[Annotator "TA"]
[PlyCount "56"]
[EventDate "2018.??.??"]
[EventType "swiss"]
[EventCountry "SVK"]
[SourceTitle "playchess.com"]
[Source "ChessBase"]
[SourceQuality "1"]

{[%evp 16,56,0,-8,-8,-10,-17,-12,0,0,0,0,16,0,13,6,9,10,31,16,20,0,0,-75,-77,-74,-72,-155,-156,-153,-8,-5,-8,-396,-12,-427,-237,-1755,-1737,-29994,-29995,-29996,-29995]} 1. d4 Nf6 2. c4 e6 3. Nc3 d5 4. Bg5 Be7 5. cxd5 Nxd5 6. Bxe7 Qxe7 7. Nxd5 exd5 8. e3 O-O 9. Bd3 {LiveBook: 9 Games. D53: Queen's Gambit Declined: 4 Bg5 Be7: Early deviations} c5 {White should prevent ...cxd4.} 10. dxc5 d4 11. e4 $146 {The position is equal.} ({Predecessor:} 11. Qc1 Nd7 12. b4 a5 13. a3 Ne5 14. Be2 d3 15. Bd1 d2+ 16. Qxd2 Rd8 {0-1 (25) Blokh,D (2255)-Golod,V (2544) Ashdod 2003}) 11... Nc6 12. Ne2 Qxc5 13. O-O Be6 14. Nf4 Kh8 15. Qd2 Rad8 16. Rfd1 Rfe8 17. Rac1 Qb6 18. Bb1 Ne5 19. b4 (19. Nxe6 $11 Qxe6 20. h3) 19... Bg4 $17 20. Rf1 Qh6 $36 {[%mdl 2048] Black is in control.} 21. Rc5 (21. f3 $142 Be6 22. Rc5) 21... b6 22. Rd5 {[#]} Rxd5 ({Black should play} 22... d3 $1 $17 {[%mdl 512] White must now prevent ...Rxd5.} 23. Rc1 (23. Bxd3 Rxd5) 23... Rxd5 24. exd5 Kg8) 23. exd5 $11 {[#]} d3 $1 {[%mdl 512]} 24. f3 $2 {[%mdl 8192] [#]} (24. Re1 $11 {and White is okay.}) (24. Bxd3 Nxd3) 24... Bf5 $2 ({Black should try} 24... Nxf3+ $1 $19 {[%mdl 512]} 25. Rxf3 Bxf3 26. Qxd3 Bg4) 25. g4 $2 {[%mdl 8192] [#]} (25. Qe3 $1 $11) 25... Nc4 (25... Nxg4 $142 $1 {[%mdl 512]} 26. fxg4 {[#]} Re2 $1 {[%mdl 512]} 27. Ng6+ Qxg6) 26. Qc3 $2 (26. Qc1 Ne3 27. Nxd3 Nxf1 28. Qxh6 gxh6 29. Kxf1) 26... Qxf4 $19 27. gxf5 Re2 {[%csl Ge2][%cal Rf4h2]} 28. Rf2 Qe3 {Precision: White = 24%, Black = 40%.} 0-1

[Event "EIWCC 2018"]
[Site "Vysoke Tatry"]
[Date "2018.04.08"]
[Round "1"]
[White "Kusenkova, Natallia"]
[Black "Osmak, Iulija"]
[Result "0-1"]
[WhiteElo "2134"]
[BlackElo "2361"]
[Annotator "TA"]
[PlyCount "78"]
[EventDate "2018.??.??"]
[EventType "swiss"]
[EventCountry "SVK"]
[SourceTitle "playchess.com"]
[Source "ChessBase"]
[SourceQuality "1"]

{[%evp 9,78,-1,12,-12,-4,-4,-6,-37,-31,-40,-33,-48,-23,-70,-70,-91,-77,-142,-149,-128,-125,-125,-127,-105,-102,-95,-54,-64,-61,-145,-134,-170,-136,-120,-122,-253,-245,-278,-248,-279,-294,-294,-263,-267,-275,-264,-237,-231,-167,-156,-157,-163,-161,-445,-439,-775,-412,-425,-423,-1337,-464,-429,-359,-325,-295,-451,-440,-29980,-29981,-29992,-29993]} 1. Nf3 f5 2. d3 Nc6 (2... d6 3. e4 e5 4. Nc3 Be7 5. d4 fxe4 6. Nxe4 d5 7. Neg5 exd4 8. Bd3 Qd6 9. Nxd4 c5 10. Nb5 Qe5+ 11. Be3 Na6 12. O-O {1-0 (36) Svidler,P (2751)-Bu,X (2710) Tbilisi 2017}) 3. d4 d6 4. d5 Ne5 5. Nd4 $146 ({Predecessor:} 5. Nc3 Nf6 6. Bg5 g6 7. Nxe5 dxe5 8. e4 f4 9. f3 h6 10. Bh4 {1-0 (37) Papin,V (2476)-Beukema,S (2404) Wijk aan Zee 2018}) 5... c5 6. dxc6 {A04: Unusual lines after 1 Nf3 and King's Indian Attack} Nxc6 7. g3 e5 8. Nb3 {The position is equal.} Be6 9. Bg2 d5 10. O-O Be7 11. c3 Nf6 12. Be3 O-O 13. Kh1 (13. Bc5 $142) 13... Ng4 $1 $17 14. Bc5 f4 15. h3 fxg3 16. fxg3 Rxf1+ 17. Qxf1 Nh6 18. N1d2 Nf5 19. Kh2 {[#]} ({White should try} 19. Qf2 $15) 19... e4 $1 20. Qf2 Bg5 {White must now prevent ...e3.} 21. Nf1 {[#]} Qc7 $1 22. Nd4 (22. Rd1 $17 {was necessary.}) 22... Ncxd4 $19 23. cxd4 b6 24. Ba3 Rc8 25. e3 h5 {[%cal Bh7h5,Bh5h4][%mdl 32] aiming for ...h4.} 26. Kg1 Qc2 27. Re1 Qd3 {...Rc2 is the strong threat.} 28. Re2 h4 29. g4 {[#] Threatens to win with Rd2.} Ng3 $1 {[%cal Rg3e2][%mdl 512]} 30. Rd2 (30. Nxg3 hxg3) 30... Qb1 $36 {[%mdl 2048] Keeping White busy.} 31. b3 $2 (31. Bd6 {was called for.}) 31... Rc3 32. Rb2 (32. Kh2 $142 Nxf1+ 33. Qxf1 Qxf1 34. Bxf1) 32... Qa1 {Strongly threatening ...Bxe3.} ({Inferior is} 32... Bxe3 33. Qxe3 Qxf1+ 34. Bxf1 $11) 33. Kh2 Nxf1+ 34. Bxf1 (34. Qxf1 $142 Qxf1 35. Bxf1) 34... Rxe3 (34... Bxe3 $142 35. Qf8+ Kh7) 35. Bg2 Kh7 36. Bd6 Qe1 37. Qf8 (37. Be5 $142) 37... Rc3 38. Be5 {[#]} (38. Qf1 $19 Rc1 39. Qxe1 Rxe1 40. Bh1) 38... Bf6 $1 {[%mdl 512]} 39. Bf4 (39. Bxf6 Qg3+) 39... Bxd4 {Precision: White = 26%, Black = 78%.} 0-1

[Event "EIWCC 2018"]
[Site "Vysoke Tatry"]
[Date "2018.04.08"]
[Round "1"]
[White "Okuyaz, Duru"]
[Black "Mammadova, Gulnar"]
[Result "0-1"]
[WhiteElo "2122"]
[BlackElo "2360"]
[Annotator "TA"]
[PlyCount "76"]
[EventDate "2018.??.??"]
[EventType "swiss"]
[EventCountry "SVK"]
[SourceTitle "playchess.com"]
[Source "ChessBase"]
[SourceQuality "1"]

{[%evp 19,76,-20,-21,-47,-39,-46,-47,-54,-45,-74,-21,-102,-108,-102,-99,-110,-110,-118,-58,-135,-44,-130,-135,-162,-169,-179,-166,-139,-7,-31,-30,-24,0,-16,-8,-10,0,-4,0,-118,-91,-110,-109,-158,-135,-1375,-1266,-1806,-1654,-29983,-765,-29984,-29985,-29986,-29987,-29993,-29994,-29994,-29995]} 1. e4 e6 2. d4 d5 3. Nc3 Bb4 4. e5 c5 5. a3 Bxc3+ 6. bxc3 Qa5 7. Bd2 Qa4 8. Qg4 Kf8 9. Qd1 {C18: French: 3 Nc3 Bb4: Main line: 7 h4 and 7 Qg4} b6 10. h4 Ba6 {LiveBook: 14 Games} 11. Rh3 $146 {The position is equal.} ({Predecessor:} 11. h5 Bxf1 12. Kxf1 h6 13. Rh4 Nc6 14. Rf4 Nge7 15. Ne2 c4 16. g4 Ke8 {½-½ (49) Piorun,K (2665)-Harikrishna,P (2762) Germany 2016}) 11... Ne7 (11... Bxf1 {is more complex.} 12. Kxf1 h5 13. Ne2 Nc6 14. Bg5 Nge7) 12. Bxa6 Nxa6 {[%cal Bb8a6,Ba6c7,Bc7b5][%mdl 32]} 13. Bg5 Rc8 14. Rc1 h6 (14... Nc6 $17 {[%cal Rc5d4]} 15. Ne2 h6) 15. Bf4 (15. Bxe7+ $11 {keeps the balance.} Kxe7 16. Ne2) 15... Nc7 $17 16. Ne2 Nb5 17. Kf1 cxd4 18. cxd4 Nf5 (18... Rc4 $17 {[%cal Rb5d4]} 19. c3 Qxd1+ 20. Rxd1 Ra4) 19. Bd2 (19. Rb3 $15) 19... a5 (19... Kg8 $17 20. c3 Qxd1+ 21. Rxd1 Nxa3) 20. Rb3 (20. c4 $15 Qxd1+ 21. Rxd1 Rxc4 22. Rb1 Nbxd4 23. Nxd4 Rxd4 24. Bxa5 $1 {[%mdl 512]}) 20... Nfxd4 21. Nxd4 Nxd4 22. Bb4+ axb4 23. Qxd4 {[#]} Qb5+ ({Black should play} 23... Qxb3 $1 $17 {[%mdl 512]} 24. cxb3 Rxc1+ 25. Ke2 bxa3 26. Qb4+ Kg8 27. Qxa3 Rc2+ 28. Kf3 Rc3+ 29. Kg4 h5+ 30. Kf4 Rc2) 24. Kg1 (24. c4 {feels hotter.} Rxc4 25. Rxc4 Qxc4+ 26. Qxc4 dxc4 27. Rxb4 Ke7 28. Rxc4 Ra8 29. a4) 24... Rc4 25. Qd3 Ke7 26. Rxb4 Rxb4 27. axb4 Qxb4 $11 {[%mdl 4096] Endgame With the idea ...Qb2. KQR-KQR} 28. Ra1 Rd8 $36 {[%mdl 2048] Black has the initiative.} 29. c3 (29. Qh7 $1 $11 {was the only way to keep the balance.}) 29... Qc4 30. Qg3 {[#]} Kf8 $1 31. Ra7 {Threatening mate with Qf3.} Qe4 32. Rb7 $2 {[%mdl 8192]} (32. Qe3 $17) 32... d4 $19 33. Rxb6 {[#]} d3 $1 34. Rb4 Qe1+ 35. Kh2 d2 {Black mates.} 36. Qf4 d1=Q 37. Rb7 Qh1+ 38. Kg3 Rd3+ {Precision: White = 27%, Black = 51%.} 0-1

[Event "EIWCC 2018"]
[Site "Vysoke Tatry"]
[Date "2018.04.08"]
[Round "1"]
[White "Sucikova, Svetlana"]
[Black "Buksa, Nataliya"]
[Result "0-1"]
[WhiteElo "2107"]
[BlackElo "2357"]
[Annotator "TA"]
[PlyCount "50"]
[EventDate "2018.??.??"]
[EventType "swiss"]
[EventCountry "SVK"]
[SourceTitle "playchess.com"]
[Source "ChessBase"]
[SourceQuality "1"]

{[%evp 9,50,-58,8,-91,-85,-97,-100,-106,-91,-118,-112,-164,-137,-141,-123,-173,-149,-263,-279,-337,-345,-331,-322,-624,-620,-609,-625,-558,-540,-547,-496,-838,-833,-960,-942,-950,-944,-970,-930,-1120,-1123,-1379,-1262]} 1. c4 e6 2. Nc3 d5 {[%cal Bd7d5,Bd5d4][%mdl 32]} 3. e3 Nf6 4. Nf3 c5 5. b3 (5. d4 cxd4 6. exd4 Bb4 7. Bd3 O-O 8. O-O dxc4 9. Bxc4 b6 10. Bg5 Bb7 11. Rc1 Nbd7 12. d5 Bxc3 13. Rxc3 Bxd5 14. Bxd5 exd5 15. Nd4 Nc5 16. Nf5 Nce4 17. Bxf6 Qxf6 18. Rf3 Qxb2 19. Qxd5 Nd2 {0-1 (39) Nguyen,N (2629)-Yu,Y (2750) Ashkhabad 2017}) 5... Nc6 {LiveBook: 3 Games} ({Better is} 5... d4 $1 $15 6. exd4 cxd4) 6. Bb2 {A17: English Opening: 1...Nf6 with ...Bb4} (6. cxd5 $11 {remains equal.} exd5 7. Bb2) 6... d4 $1 $17 {[%cal Rd4c3]} 7. Nb5 $146 {[%cal Re3d4]} e5 8. d3 {Black is better.} Be7 9. e4 O-O 10. g3 (10. Nd2 $17) 10... Qa5+ 11. Qd2 Nb4 {And now ...Bg4 would win.} 12. Ke2 Bg4 13. Bg2 (13. a3 $17 Nc6 14. Qxa5 Nxa5 15. h3 Bxf3+ 16. Kxf3) 13... a6 $19 14. Na3 {[#]} Nxe4 $1 {[%mdl 512]} 15. dxe4 {[#]} f5 $1 {[%cal Rf5e4]} 16. exf5 $2 ({Much weaker is} 16. Kf1 fxe4 17. Nxd4 (17. Nxe5 $2 e3 $19) 17... cxd4) (16. h3 fxe4 17. hxg4 exf3+ 18. Bxf3 d3+ 19. Kf1 Rxf3 20. Qe1) 16... Rxf5 {Black is clearly winning.} 17. h3 Bxf3+ 18. Bxf3 {Black must now prevent Bd5+.} d3+ 19. Kf1 {aiming for Bd5+.} Rxf3 20. Kg2 (20. Rh2 $142 Raf8 21. Kg1) 20... Raf8 21. Rhf1 Qc7 22. Rae1 Qc6 {( -> ...Rxf2+)} 23. Kg1 e4 24. Bc3 Qg6 25. Kg2 Bd6 {Precision: White = 26%, Black = 83%.} 0-1

[Event "EIWCC 2018"]
[Site "Vysoke Tatry"]
[Date "2018.04.08"]
[Round "1"]
[White "Ilyuchyk, Yana"]
[Black "Balajayeva, Khanim"]
[Result "1-0"]
[WhiteElo "2098"]
[BlackElo "2348"]
[Annotator "TA"]
[PlyCount "155"]
[EventDate "2018.??.??"]
[EventType "swiss"]
[EventCountry "SVK"]
[SourceTitle "playchess.com"]
[Source "ChessBase"]
[SourceQuality "1"]

{[%evp 35,155,30,46,7,14,5,28,43,45,0,59,31,50,22,23,29,36,12,98,98,115,112,110,95,95,90,127,139,144,130,137,133,254,241,246,231,329,383,371,289,269,269,293,255,320,291,365,358,499,466,592,560,600,560,593,583,567,467,596,604,703,729,805,794,792,783,631,589,1058,809,712,688,1013,952,1155,1050,1673,1637,1641,1383,1489,1217,1154,475,983,726,2055,1962,2032,1898,1837,1590,1443,525,576,0,1790,1759,4133,3372,29969,29971,29971,0,0,0,29971,29972,5206,29973,29973,29974,29972,29975,29975,29976,29974,29976,29971,29962,29941,718]} 1. e4 e5 2. Nf3 Nc6 3. d4 exd4 4. Bc4 Nf6 5. O-O Nxe4 6. Re1 d5 7. Bxd5 Qxd5 8. Nc3 Qa5 9. Nxe4 Be6 10. Neg5 O-O-O 11. Nxe6 fxe6 12. Rxe6 Bd6 13. Bg5 Rde8 14. Qe2 Kd7 15. Rxe8 {C56: Two Knights: 4 d4 exd4 5 0-0 Nxe4} (15. Re4 Qd5 16. Re1 Rxe4 17. Qxe4 Qxe4 18. Rxe4 Re8 19. Rxe8 Kxe8 20. a3 Kf7 21. Kf1 Ke6 22. Ke2 Kf5 {0-1 (48) Atabayev,Y (2437)-Vaibhav,S (2560) Ashkhabad 2017}) 15... Rxe8 16. Qd3 h6 17. Bd2 Qh5 18. h3 Ne5 {LiveBook: 3 Games} 19. Nxe5+ Qxe5 20. g3 Qe4 $146 ({Predecessor:} 20... Qd5 21. Rd1 c5 22. c3 Qh5 {½-½ (31) Guizar,C (2324)-Peli,G (2401) ICCF email 2008}) 21. Qb5+ Qc6 22. Qd3 Qb6 (22... Qe4 $11) 23. b3 (23. b4 $5) 23... Re7 24. c3 dxc3 25. Bxc3 Qc5 26. Qf3 Kd8 (26... h5 $11) 27. Rd1 $16 {aiming for Bxg7!} Qc6 28. Qf8+ Kd7 29. Qf5+ Ke8 30. Rd3 b6 31. Rf3 {[%cal Rf5c8]} Kd8 32. Qg4 Rd7 33. Kg2 $40 {[%mdl 128] White has strong attack.} g5 (33... Bf8 $16) 34. Qe6 $18 {Intending Qg8+ and mate.} Kc8 35. Qxh6 Rf7 (35... Qd5 {keeps fighting.} 36. Bf6 Bc5 37. Qxg5 Qc6) 36. Qe6+ Rd7 37. Qg8+ Kb7 38. Qxg5 Rf7 39. Qe3 Be7 40. h4 Bf8 41. Be5 Bh6 42. Qd3 b5 43. g4 Rd7 44. Qf5 Bd2 45. Kg3 Re7 46. Bf4 Bb4 47. Rd3 Ka6 48. Qd5 Qc2 {[#]} 49. a4 $1 bxa4 50. bxa4 Qxa4 51. Rb3 Re4 52. Qxe4 Qxb3+ 53. Qf3 Qc4 54. h5 Bc3 55. g5 {[%cal Bg4g5,Bg5g6][%mdl 32]} Kb6 56. g6 a5 57. Be3+ c5 58. Qf4 Qd5 59. Qg4 (59. Qg5 $142 Qd6+ 60. f4 Be1+ 61. Kh2) 59... Qd6+ (59... a4 $142 60. h6 Be5+ 61. f4 Qb3) 60. Kg2 Qd5+ 61. Qf3 Qd6 62. Qe4 Qd7 63. Qc4 Bd4 64. Qe2 (64. Qb3+ $142 Ka6 65. f3 Bxe3 66. Qxe3) 64... Bc3 65. Qf3 $2 ({Only move:} 65. Bc1 $18) 65... Be5 $2 {[%mdl 8192]} (65... Qd6 $11 66. Qe4 Kb5 67. Qe8+ Kb4) 66. h6 a4 67. Qe4 a3 68. Qxe5 Qg4+ {[#]} 69. Kh2 $2 (69. Qg3 $1 {mates} Qe4+ 70. Kh2 a2 71. Qd6+ Kb7 72. Qf6 a1=Q 73. Qxa1 Qh4+ 74. Kg2 Qe4+ 75. Kh3 Qe6+ 76. Kh2 Qd6+ 77. f4) 69... Qh4+ $11 70. Kg2 Qg4+ {[#]} 71. Qg3 $1 Qe4+ 72. Kh2 a2 {White mates.} 73. Qb8+ Ka6 74. Qc8+ Kb6 75. Qxc5+ Kb7 76. Qd4 Qxg6 77. Qg7+ Qxg7 78. hxg7 {Precision: White = 66%, Black = 20%.} 1-0